logo

Bir Sreshtho Munshi Abdur Rouf Library
Jhenaidah Cadet College

অংকের রাজ্যে আলাদীন / (Record no. 11256)

MARC details
000 -LEADER
fixed length control field 00736nam a2200229 a 4500
001 - CONTROL NUMBER
JCCL Control Number 11256
003 - CONTROL NUMBER IDENTIFIER
JCCL marc code BD-JhCC
005 - DATE AND TIME OF LATEST TRANSACTION
control field 20190912132559.0
008 - FIXED-LENGTH DATA ELEMENTS--GENERAL INFORMATION
fixed length control field 190619s 2009bg a|||| ||a| 000 0 ben d
020 ## - INTERNATIONAL STANDARD BOOK NUMBER
International Standard Book Number 9847015200251
035 ## - SYSTEM CONTROL NUMBER
system control number (BD-JhCC)11256
040 ## - CATALOGING SOURCE
Original cataloging agency BD-JhCC
Modifying agency BD-JhCC
041 ## - LANGUAGE CODE
Language code of Book ben
082 ## - DEWEY DECIMAL CLASSIFICATION NUMBER
Classification number 510
Author mark and Year KAR 2009
100 ## - MAIN ENTRY--PERSONAL NAME
Personal name করিম, এ . কে . বজলুল
245 ## - TITLE STATEMENT
Title অংকের রাজ্যে আলাদীন /
Statement of responsibility, etc এ . কে . বজলুল করিম ।
260 ## - PUBLICATION, DISTRIBUTION, ETC. (IMPRINT)
Place of publication, distribution, etc ঢাকা:
Name of publisher, distributor, etc অনুপম প্রকাশনী;
Date of publication, distribution, etc ২০০৯.
300 ## - PHYSICAL DESCRIPTION
Pagination ৪৮ পৃ . :
Other physical details ill;
Dimensions ২২ সেমি.
650 ## - SUBJECT ADDED ENTRY--TOPICAL TERM
Topical term or geographic name as entry element Mahtematics
942 ## - ADDED ENTRY ELEMENTS (KOHA)
Source of classification or shelving scheme Dewey Decimal Classification
Koha item type Books
Holdings
Source of classification or shelving scheme Damaged status Not for loan Home library Current library Shelving location Date of accession Cost, normal purchase price Total Checkouts Full call number Barcode Date last seen Copy number Koha item type Method of acquisition Currency
Dewey Decimal Classification     JCC Rouf Library JCC Rouf Library General Stacks 06/19/2019 70.00   510 KAR 2009 15441 08/19/2019 C-1 Books    
Dewey Decimal Classification     JCC Rouf Library JCC Rouf Library General Stacks   70.00   510 KAR 2009 19426 05/23/2024 C-2 Books Purchase BDT

JCC Library | Contacts | JCC Home

Last Update on 23 September 2017
Copyright @ 2017-2020 JCC Rouf Library
Rouf Library, Jhenidah Cadet College (JCC), Bangladesh